Girl in Red Songs (full discography) - Statistics

General Stats
  • This quiz has been taken 267 times
  • The average score is 14 of 26
Answer Stats
Answer % Correct
Chapter 1 girls
94%
Singles We Fell in Love in October
85%
if i could make it go quiet Serotonin
78%
Chapter 2 bad idea!
77%
Chapter 1 i wanna be your girlfriend
77%
Chapter 2 dead girl in the pool.
72%
if i could make it go quiet Rue
72%
Chapter 1 summer depression
72%
if i could make it go quiet midnight love
67%
if i could make it go quiet You Stupid Bitch
67%
Chapter 1 4am
62%
if i could make it go quiet Body And Mind
58%
Chapter 2 watch you sleep.
58%
if i could make it go quiet Apartment 402
54%
if i could make it go quiet hornylovesickmess
54%
Chapter 2 i need to be alone.
54%
if i could make it go quiet Did You Come?
53%
if i could make it go quiet I'll Call You Mine
53%
Chapter 2 i'll die anyway.
53%
Singles Two Queens in a King Sized Bed
53%
Chapter 1 say anything
49%
if i could make it go quiet it would feel like this
42%
if i could make it go quiet .
28%
Singles She Was the Girl in Red
5%
Singles Will She Come Back
4%
Singles Dramatic Lil Bitch
3%
No matching quizzes found
Score Distribution
Percent of People with Each Score
Percentile by Number Answered
Your Score History
You have not taken this quiz